Dólares y déficit
Saved in:
| Hovedforfatter: | |
|---|---|
| Format: | Bog |
| Sprog: | spansk |
| Udgivet: |
Buenos Aires
Emecé
1971
|
| Serier: | Grandes Ensayistas
|
| Fag: | |
| Tags: |
Tilføj Tag
Ingen Tags, Vær først til at tagge denne postø!
|
MARC
| LEADER | 00000nam a2200000 a 4500 | ||
|---|---|---|---|
| 001 | UCT6067 | ||
| 003 | CL-VaPUC | ||
| 008 | 961230e19710000AG |||||||||||||||||spa|d | ||
| 082 | 0 | 4 | |a 332.4 |b FRI |2 21 |
| 100 | 0 | |a Friedman, Milton |e author |9 356484 | |
| 245 | 1 | 0 | |a Dólares y déficit |
| 300 | |a 328 p | ||
| 942 | |c BK | ||
| 945 | |d 19961230 00:00:00 |a rleighto | ||
| 260 | |a Buenos Aires |b Emecé |c 1971 | ||
| 650 | 0 | |a Economía |9 255568 | |
| 650 | 0 | |a Inflación |9 257218 | |
| 650 | 0 | |a Bancos |9 254963 | |
| 650 | 0 | |a Política monetaria |9 258279 | |
| 650 | 0 | |a Moneda |9 342365 | |
| 650 | 0 | |a Economía política |9 255814 | |
| 583 | |a last modification |c 19961230 00:00:00 |k Rodrigo Vera | ||
| 490 | 0 | |a Grandes Ensayistas | |
| 999 | |c 254800 |d 254798 | ||